<?xml version="1.0" encoding="UTF-8"?>
<record
    xmlns:xsi="http://www.w3.org/2001/XMLSchema-instance"
    xsi:schemaLocation="http://www.loc.gov/MARC21/slim http://www.loc.gov/standards/marcxml/schema/MARC21slim.xsd"
    xmlns="http://www.loc.gov/MARC21/slim">

  <leader>00584cam a22002171  4500</leader>
  <controlfield tag="001">sa 66002240 </controlfield>
  <controlfield tag="003">DLC</controlfield>
  <controlfield tag="005">20260227112228.0</controlfield>
  <controlfield tag="008">890816s1965    ii            000 0 gujo </controlfield>
  <datafield tag="010" ind1=" " ind2=" ">
    <subfield code="a">sa 66002240 </subfield>
  </datafield>
  <datafield tag="035" ind1=" " ind2=" ">
    <subfield code="a">(OCoLC)20185474</subfield>
  </datafield>
  <datafield tag="040" ind1=" " ind2=" ">
    <subfield code="a">DLC</subfield>
    <subfield code="c">WaU</subfield>
    <subfield code="d">DLC</subfield>
  </datafield>
  <datafield tag="050" ind1="0" ind2="0">
    <subfield code="a">DS479.1.L27</subfield>
    <subfield code="b">P3</subfield>
  </datafield>
  <datafield tag="100" ind1="1" ind2=" ">
    <subfield code="a">Patel, I. J.</subfield>
  </datafield>
  <datafield tag="245" ind1="1" ind2="0">
    <subfield code="a">Pa&#xF1;j&#x101;bakesar&#x12B; L&#x101;l&#x101; Lajapatar&#x101;ya.</subfield>
  </datafield>
  <datafield tag="260" ind1=" " ind2=" ">
    <subfield code="c">[1965]</subfield>
  </datafield>
  <datafield tag="300" ind1=" " ind2=" ">
    <subfield code="a">12, 147 p.</subfield>
    <subfield code="c">19 cm.</subfield>
  </datafield>
  <datafield tag="500" ind1=" " ind2=" ">
    <subfield code="a">In Gujarati.</subfield>
  </datafield>
  <datafield tag="600" ind1="2" ind2="0">
    <subfield code="a">Lajpat Rai,</subfield>
    <subfield code="c">Lala,</subfield>
    <subfield code="d">1865-1928.</subfield>
  </datafield>
  <datafield tag="710" ind1="2" ind2=" ">
    <subfield code="a">L&#x101;l&#x101; Lajapatar&#x101;ya &#x15A;at&#x101;bd&#x12B; Samiti (Gujarat)</subfield>
  </datafield>
  <datafield tag="999" ind1=" " ind2=" ">
    <subfield code="c">68243</subfield>
    <subfield code="d">68243</subfield>
  </datafield>
</record>
